| 000 | 00579nam a2200181 a 4500 | ||
|---|---|---|---|
| 005 | 20140310183329.0 | ||
| 008 | 060829s19uu xx 00 eng d | ||
| 020 | _a047140179 | ||
| 050 |
_aGT 3405 _b.H69 2002 |
||
| 100 | _aHoyle, Leonard H. | ||
| 245 |
_aEvent marketing: _bhow to successfully promote events, festivals, conventions, and expositions / _cLeonard H. Hoyle |
||
| 260 |
_aNew York : _bJohn Wiley & Son's, Inc, _c2002. |
||
| 300 |
_a224 p. : _bill. ; _c24 cm. |
||
| 521 | _aBSBA | ||
| 650 |
_aSpecial events _xMarketing. |
||
| 942 |
_cBK _2lcc _kFOR |
||
| 999 |
_c21524 _d21524 |
||